| 000 | 00727cam a2200277 4500 | ||
|---|---|---|---|
| 008 | 090401t1983 xxu||||| |||| 00| 0 eng d | ||
| 020 | _a0902132814 | ||
| 035 | _a(Sirsi) u58032 | ||
| 041 | _aeng | ||
| 050 | _a333.33 | ||
| 100 | _aAnstey, John | ||
| 245 | _aTrouble with the neighbours | ||
| 260 |
_aReading _bCollege of Estate Management _c1983 |
||
| 300 | _a40p. : ill. ; 25cm. | ||
| 350 | _a5 | ||
| 490 |
_aProperty Development Library _v1 |
||
| 650 |
_aBoundary disputes _96221 |
||
| 650 | _aCENTRE FOR ADVANCED LAND USE STUDIES | ||
| 650 | _aEASEMENTS | ||
| 650 | _aNOISE | ||
| 650 | _aNUISANCE | ||
| 650 |
_aParty walls _96258 |
||
| 650 | _aRESTRICTIVE COVENANTS | ||
| 942 | _n0 | ||
| 948 | _c04/03/1997 | ||
| 999 |
_c94012 _d94012 |
||